| Tag |
First Indicator |
Second Indicator |
Subfields |
| LEADER |
00000cam a2200000 4500 |
| 001 |
in00000063562 |
| 005 |
20151007083149.0 |
| 008 |
720428s1964 nyu 00000 eng u |
| 010 |
|
|
|a 64024994
|
| 035 |
|
|
|a (OCoLC)00296427
|
| 035 |
|
|
|9 AAF8958AM
|
| 040 |
|
|
|c OUN
|d TXA
|d UtOrBLW
|
| 049 |
|
|
|a TXAM
|c [450897]
|
| 050 |
|
0 |
|a E748.B846
|b A3
|
| 092 |
|
|
|a 327.73
|b B854f
|
| 100 |
1 |
|
|a Briggs, Ellis,
|d 1899-1976.
|
| 245 |
1 |
0 |
|a Farewell to Foggy Bottom ;
|b the recollections of a career diplomat /
|c [by] Ellis Briggs.
|
| 264 |
|
1 |
|a New York :
|b McKay,
|c [1964]
|
| 300 |
|
|
|a xii, 306 pages ;
|c 21 cm.
|
| 336 |
|
|
|a text
|b txt
|2 rdacontent
|
| 337 |
|
|
|a unmediated
|b n
|2 rdamedia
|
| 338 |
|
|
|a volume
|b nc
|2 rdacarrier
|
| 650 |
|
0 |
|a Diplomats
|v Biography.
|
| 650 |
|
0 |
|a Diplomatic and consular service, American.
|
| 651 |
|
0 |
|a United States
|x Foreign relations
|y 20th century.
|
| 999 |
|
|
|a MARS
|
| 999 |
f |
f |
|s 7f5a2890-59d1-3678-aa6c-44e9cf3d2219
|i 3d7b80b5-1668-3cb9-b168-3a4411ea2678
|t 0
|
| 952 |
f |
f |
|p ric
|a Texas A&M University
|b Rellis Campus
|c Joint Library Facility
|d Remote Storage
|t 0
|e E748.B846 A3
|h Library of Congress classification
|i unmediated -- volume
|m A14800677456
|
| 998 |
f |
f |
|a E748.B846 A3
|t 0
|l Remote Storage
|